00597nam a2200109Ia 4500008004100000245002300041300025300064650002800317856005100345999001900396952007200415170517s9999 xx 000 0 und d 4aThe dot.com Bubble aBubbles are when a products value continues to rise beyond its true value. But what happens when the bubble inevitably bursts? What are the types of economic bubbles? Intrinsic bubbles, informational bubbles, classic bubbles and fads are all the... xBusiness and Economics. uhttp://topdocumentaryfilms.com/dot-com-bubble/ c333309d333309 001040aCLbCLd2017-05-17l0r2017-05-17 00:00:00w2017-05-17yDF